000
00217 a2200097 4500
001
23277
100
_a
Cox, H L
245
_a
Design of Structure of Least weight
260
_a
_b
Pergamon
_c
1965
090
_c
15784
_d
15784
942
_a
NUST-CAE
_c
M
_c
6429
999
_c
258350
_d
258350